Polacy w Serie B w sezonie 2020/21. - Statystyki

Ogólne statystyki
  • Ten quiz został rozwiązany 25 razy
  • Średni wynik to 5 z 11
Statystyki odpowiedzi
Klub Pozycja Odpowiedź % Poprawnych
Reggina Środkowy obrońca Cionek
84%
Pescara Lewy obrońca Jaroszyński
64%
Spal Środkowy obrońca Salamon
64%
Empoli Środkowy pomocnik Żurkowski
64%
Salernitana Defensywy pomocnik Dziczek
60%
Salernitana Prawy pomocnik Kupisz
52%
Frosinone Środkowy napastnik Parzyszek
44%
Lecce Ofensywny pomocnik Listkowski
32%
Frosinone Środkowy obrońca Szymiński
32%
Brescia Środkowy pomocnik Łabojko
28%
Pordenone Środkowy obrońca Chrzanowski
12%
Nie znaleziono quizów pasujących do podanych kryteriów
Rozkład punktacji
Procent ludzi z każdym wynikiem
Percentyl według liczby udzielonych odpowiedzi
Twoja historia wyników
Nie rozwiązałeś tego quizu